Importancia del autoabastecimiento energético: impactos directos e indirectos sobre el crecimiento /

El siguiente artículo presenta un abordaje teórico de las implicancias directas, dados los límites biofísicos de la economía, e indirectas, por intermedio del impacto en la balanza comercial de la falta de abastecimiento energético en el plano local. Para el caso argentino, los resultados del anális...

Popoln opis

Shranjeno v:
Bibliografske podrobnosti
Glavni avtor: Recalde, Marina Yesica
Format: Texto
Teme:
Oznake: Označite
Brez oznak, prvi označite!

MARC

LEADER 00000 a a2200000 04500
001 45785
003
040 |a CRAI/IIS  |c CRAI/IIS 
100 |a Recalde, Marina Yesica  
245 |a Importancia del autoabastecimiento energético:   |b impactos directos e indirectos sobre el crecimiento /  |c Marina Yesica Recalde  
520 |a El siguiente artículo presenta un abordaje teórico de las implicancias directas, dados los límites biofísicos de la economía, e indirectas, por intermedio del impacto en la balanza comercial de la falta de abastecimiento energético en el plano local. Para el caso argentino, los resultados del análisis muestran que la falta de abastecimiento requerirá de importaciones crecientes de energía para sustentar el crecimiento económico presionando así la balanza de pagos a mediano plazo.  
590 |a RRH/ENERO2014  
650 |a ENERGIA  
650 |a IMPORTACIONES  
650 |a BALANZA DE PAGOS  
650 |a CRECIMIENTO ECONOMICO  
650 |a PRODUCCION  
650 |a ARGENTINA  
773 |g volumen30, número1 (2012), páginas 87-107: gráficos  
999 |c 18471  |d 18471